000 00926nam2a22002531 4500
001 RU\NLR\INFOCOMM15\5000205924
005 20250617113101.0
035 _a(NLR Aleph) 002575045
090 _a3224116
_c3224116
100 _a20041020d1962 |||y0rusy50 ca
101 0 _arus
_aeng
102 _aRU
105 _ay ||||000|y
200 1 _aК вопросу об упругом рассеянии протона на протоне при высоких энергиях
_fЭ.Н. Цыганов
_gЛаборатория высоких энергий
210 _d1962
_aБ. м.
461 0 _1001RU\NLR\INFOCOMM15\1000176112
_12001#$aИздания$fОбъедин. ин-т ядерных исследований$vД-882
700 1 _aЦыганов
_bЭ.Н.
_4070
801 1 _aRU
_bInfoComm
_c20041020
801 0 _aRU
_bNLR
_gPSBO
852 _aNLR
_jП11/2061
942 _cISSUE
980 _aNB
980 _aRUSPER